000 00651nam a22002291 4500
001 32769
003 BD-RjUL
005 20211209051906.0
008 181029s1951 pk 1 0 eng d
035 _a(BD-RjUL)32859
040 _aBD-RjUL
_beng
_cBD-RjUL
_dBD-RjUL
041 _aeng
082 _a297.63
_bALM 1951
100 1 _aAli, Muhammad,
_d1875-1951.
_982539
245 1 0 _aMuhammad the prophet /
_cby Maulana Muhhamad Ali
250 _a3rd ed.
260 0 _aLahore :
_bAhmadiyya Anjuman Ishaat Islam,
_c1951.
300 _ax, 286 p. ;
_c19cm.
504 _aIncludes index.
600 0 0 _aMuhammad,
_cProphet,
_d-632.
_9224433
942 _2ddc
_cBK
999 _c32769
_d32769